000 00611nam a22002177a 4500
005 20180724131913.0
008 180724b xxu||||| |||| 00| 0 eng d
010 _aA-896682
020 _c185.00
035 _aA-896682
037 _bBPPD/PUB
040 _adpl
_bEnglish
082 _aN
100 _aTagore, Rabindranath
245 _aGora /
_cby Rabindranath Tagore, Sujit Mukherjee, Meenakshi Mukherjee
260 _aNew Delhi
_bSahitya akademi
_c1997
270 _a35 Ferozeshah Road,
_bNew Delhi
_e110001
300 _axxiv, 497p.
_c24cm. (pbk)
942 _2ddc
_cEN
_mTAG
_hN
999 _c154712
_d154712